000
00265nam a2200121Ia 4500
008
190216s9999||||xx |||||||||||||| ||und||
100
_a
Sharma B.K
245
0
_a
Spectroscopy
260
_b
Goel Pub House
_c
1981
300
_a
240p
650
_a
Chemistry
942
_c
BK
999
_c
2235
_d
2235